Interiér Obchodného domu Lamač
Uložené v:
| Hlavný autor: | |
|---|---|
| Ďalší autori: | |
| Médium: | Rukopis Kniha |
| Jazyk: | Slovak |
| Vydavateľské údaje: |
Bratislava
2021
|
| Predmet: | |
| On-line prístup: | http://is.stuba.sk/zp/portal_zp.pl?podrobnosti=160024 |
| Tagy: |
Žiadne tagy, Buďte prvý, kto otaguje tento záznam!
|
MARC
| LEADER | 00000ntm a22000003a 4500 | ||
|---|---|---|---|
| 001 | stuzp83810 | ||
| 003 | SK-STU | ||
| 005 | 20220221101811.0 | ||
| 007 | ta | ||
| 008 | 150427s2015----xo-----f-mn---000-0-slo-d | ||
| 040 | |a STU |b slo | ||
| 041 | 0 | |a slo | |
| 100 | 1 | |a Uhlárová, Laura |u 055150 |4 aut |U FAD Fakulta architektúry a dizajnu |T FAD Ústav interiéru a výstavníctva |X 82439 |U A5150 |Y 396 |7 82439 | |
| 242 | 0 | 1 | |a Interior of the Lamač Shopping Center |y eng |
| 245 | 1 | 0 | |a Interiér Obchodného domu Lamač |
| 260 | |c 2021 |a Bratislava | ||
| 650 | 4 | |a bazén |2 slo | |
| 650 | 4 | |a rekonštrukcia |2 slo | |
| 650 | 4 | |a wellness |2 slo | |
| 650 | 4 | |a kaviareň |2 slo | |
| 650 | 4 | |a reconstruction |2 eng | |
| 650 | 4 | |a wellness |2 eng | |
| 650 | 4 | |a swiming pool |2 eng | |
| 650 | 4 | |a cafe |2 eng | |
| 700 | 1 | |a Kotradyová, Veronika |u 055150 |k Z1 |4 ths |U FAD Fakulta architektúry a dizajnu |T FAD Ústav interiéru a výstavníctva |X 344 |U A5150 |Y 396 |7 A000000344 | |
| 856 | 4 | |u http://is.stuba.sk/zp/portal_zp.pl?podrobnosti=160024 |u https://opac.crzp.sk/?fn=detailBiblioForm&sid=1D055279E2D1258CBE7D231E7F1A | |